[Event "GER-chT Christmas U20"]
[Site "Playchess.com INT"]
[Date "2020.12.29"]
[Round "2.2"]
[White "Benz, Leon"]
[Black "Nagy, Lukas"]
[Result "0-1"]
[WhiteElo "1639"]
[BlackElo "1704"]
[PlyCount "74"]
[EventDate "2020.12.29"]
[EventType "team-swiss (blitz)"]
[EventRounds "7"]
[EventCountry "GER"]
[SourceTitle "CBM 200 Extra"]
[Source "ChessBase"]
[SourceDate "2021.03.31"]
[SourceVersion "1"]
[SourceVersionDate "2021.03.31"]
[SourceQuality "1"]
[WhiteTeam "Heinsberg"]
[BlackTeam "Kiel Doppelbauer"]
[WhiteTeamCountry "GER"]
[BlackTeamCountry "GER"]

1. d4 Nf6 2. Bf4 g6 3. e3 Bg7 4. Nf3 0-0 5. Bd3 d5 6. 0-0 Nh5 7. Bg3 Nxg3 8. hxg3 Bg4 9. Nbd2 c5 10. c3 Nd7 11. Qc2 Rc8 12. Rfe1 Re8 13. Rac1 Qb6 14. Qb1 h5 15. b4 cxd4 16. exd4 Rc7 17. Qb3 a5 18. a3 e6 19. Qb2 axb4 20. cxb4 Rec8 21. Rxc7 Rxc7 22. Nb3 Qa7 23. Be2 Nb6 24. Rd1 Na4 25. Qd2 Nc3 26. Rc1 Nxe2+ 27. Qxe2 Rxc1+ 28. Nxc1 Qxa3 29. Ne5 Bxe2 30. Nxe2 Bxe5 31. dxe5 Qxb4 32. Nf4 Qe1+ 33. Kh2 Qxe5 34. Nd3 Qd4 35. Nf4 Qxf2 36. Nd3 Qe3 37. Nc1 Qxc1 0-1

[Event "GER-chT Christmas U20"]
[Site "Playchess.com INT"]
[Date "2020.12.29"]
[Round "3.2"]
[White "Foerster, Nico"]
[Black "Benz, Leon"]
[Result "1-0"]
[WhiteElo "1789"]
[BlackElo "1639"]
[PlyCount "73"]
[EventDate "2020.12.29"]
[EventType "team-swiss (blitz)"]
[EventRounds "7"]
[EventCountry "GER"]
[SourceTitle "CBM 200 Extra"]
[Source "ChessBase"]
[SourceDate "2021.03.31"]
[SourceVersion "1"]
[SourceVersionDate "2021.03.31"]
[SourceQuality "1"]
[WhiteTeam "Greiz"]
[BlackTeam "Heinsberg"]
[WhiteTeamCountry "GER"]
[BlackTeamCountry "GER"]

1. e4 c6 2. d4 d5 3. exd5 cxd5 4. Bd3 Nf6 5. Ne2 Nc6 6. c3 e6 7. Bf4 Bd6 8. Bg3 0-0 9. Nd2 e5 10. dxe5 Nxe5 11. Nf3 Nxf3+ 12. gxf3 Re8 13. Qc2 Be6 14. 0-0-0 Rc8 15. Nd4 a6 16. Nxe6 Rxe6 17. Bf5 Qe7 18. Bxe6 Qxe6 19. Rhe1 Qd7 20. Bxd6 Qxd6 21. Qf5 Rd8 22. Qe5 Qc5 23. Kb1 h6 24. Qd4 Qd6 25. Rg1 g6 26. f4 Kh7 27. Qe5 Qc6 28. f5 Nh5 29. fxg6+ fxg6 30. Qe7+ Kg8 31. Qxd8+ Kg7 32. Qxd5 Qf6 33. Qxb7+ Kf8 34. Qc8+ Ke7 35. Rge1+ Kf7 36. Rd7+ Qe7 37. Rdxe7+ 1-0